<?xml version="1.0" encoding="UTF-8"?>
<record
    xmlns:xsi="http://www.w3.org/2001/XMLSchema-instance"
    xsi:schemaLocation="http://www.loc.gov/MARC21/slim http://www.loc.gov/standards/marcxml/schema/MARC21slim.xsd"
    xmlns="http://www.loc.gov/MARC21/slim">

  <leader>00789cam a2200253 i 4500</leader>
  <datafield tag="999" ind1=" " ind2=" ">
    <subfield code="c">7185</subfield>
    <subfield code="d">7185</subfield>
  </datafield>
  <datafield tag="020" ind1=" " ind2=" ">
    <subfield code="a">9789868302822</subfield>
  </datafield>
  <datafield tag="245" ind1="0" ind2="0">
    <subfield code="a">&#x91AB;&#x7642;&#x4E8B;&#x6545;&#x95DC;&#x61F7;&#x5BE6;&#x52D9; :</subfield>
    <subfield code="b">&#x6848;&#x4F8B;&#x89E3;&#x6790; /</subfield>
    <subfield code="c">&#x738B;&#x5FD7;&#x5609;, &#x9EC3;&#x923A;&#x5A96;&#x4E3B;&#x7DE8;</subfield>
  </datafield>
  <datafield tag="260" ind1=" " ind2=" ">
    <subfield code="a">&#x81FA;&#x5317;&#x5E02;</subfield>
    <subfield code="b">&#x85E5;&#x5BB3;&#x6551;&#x6FDF;&#x57FA;&#x91D1;&#x6703;</subfield>
    <subfield code="c">2020</subfield>
  </datafield>
  <datafield tag="300" ind1=" " ind2=" ">
    <subfield code="a">47&#x9762; ;</subfield>
    <subfield code="c">26&#x516C;&#x5206;</subfield>
  </datafield>
  <datafield tag="942" ind1=" " ind2=" ">
    <subfield code="2">ccl</subfield>
    <subfield code="c">BOOK</subfield>
  </datafield>
  <datafield tag="952" ind1=" " ind2=" ">
    <subfield code="0">0</subfield>
    <subfield code="1">0</subfield>
    <subfield code="2">ccl</subfield>
    <subfield code="4">0</subfield>
    <subfield code="7">0</subfield>
    <subfield code="a">yeezen</subfield>
    <subfield code="b">yeezen</subfield>
    <subfield code="d">2021-01-11</subfield>
    <subfield code="l">2</subfield>
    <subfield code="o">410</subfield>
    <subfield code="p">C02771</subfield>
    <subfield code="r">2024-04-25 00:00:00</subfield>
    <subfield code="s">2024-04-19</subfield>
    <subfield code="w">2021-01-11</subfield>
    <subfield code="y">BOOK</subfield>
  </datafield>
</record>
